000 00706nam a2200229Ia 4500
003 GCL
008 140319s9999 xx 000 0 ara d
040 _aGCL /
_cGCL
082 0 4 _a613.28
_bر م
100 1 _aالرازى ، ابو بكر محمد بن زكريا
245 1 0 _aمنافع الاغذية ودفع مضارها /
_cالرازى ، ابو بكر محمد بن زكريا
700 1 _aعاصم عيتانى
300 _a296 ص
490 _a
650 0 4 _aالطب العربى
650 0 4 _aالعلوم عند العرب
650 0 4 _aالخضروات
650 0 4 _aالحضارة الاسلامية
650 0 4 _aالاغذية
650 0 4 _aاللحوم
942 _2ddc
_cBK
999 _c37773
_d37773